000 00589nam a22001937a 4500
005 20180827150807.0
010 _aENG-123780
020 _a9788174533739
_c750.00
035 _aEN-107312
037 _bDBAD/PUB
082 _a615.85154
100 _a
245 _aTrends in music therapy today /
_ced. by Lovely Sharma
260 _aNew Delhi
_bSanjay Prakashan
_c2009
270 _a4378/4 D, 209 J.M.D. House, Ansari Road, Darya Ganj,
_bNew Delhi
_e110002
300 _axi,222p.
_c22cm(Hb).
_bill.
700 _a Sharma, Lovely
942 _2ddc
_cEN
_h615.85154
_mTRE
999 _c156418
_d156418